000 00350nam a2200145Ia 4500
008 230711s9999||||xx |||||||||||||| ||und||
041 _aENG
082 _a720
_bYA-A
100 _aYarwood,Doreen
245 4 _aThe Architecture of Europe
250 _a1st Ed.
260 _c1994
_aNew Delhi
_bPradeep publishers
650 _aArchitecture
942 _cBK
999 _c3047
_d3047